Estatísticas para AC/DC Albums

Clique aqui para jogar o quiz

Estatísticas Gerais

  • Esse quiz foi jogado 24 vezes
  • A pontuação média é 9 de 16

Estatísticas das Respostas

anoAlbum% Correto
1980Back in Black
100%
1979Highway to Hell
95%
2008Black Ice
68%
1976Dirty Deeds Done Dirt Cheap
68%
1985Fly on the Wall
64%
1975High Voltage
59%
1977Let There Be Rock
59%
1978Powerage
59%
1975T.N.T.
59%
1990The Razors Edge
50%
1995Ballbreaker
45%
2000Stiff Upper Lip
45%
1988Blow Up Your Video
41%
1983Flick of the Switch
41%
2014Rock or Bust
41%
1981For Those About to Rock We Salute You
32%

Distribuição das Pontuações

Percentil de Números Respondidos

Porcentagem de Pessoas com Cada Pontuação

Sua Pontuação Histórica

Você não jogou esse quiz